Online Catalogue and eLibrary

Cottons and Casuals: (Record no. 1013)

MARC details
000 -LEADER
fixed length control field 00485nam a2200181Ia 4500
005 - DATE AND TIME OF LATEST TRANSACTION
control field 20250317070350.0
008 - FIXED-LENGTH DATA ELEMENTS--GENERAL INFORMATION
fixed length control field 240331s9999 xx 000 0 und d
020 ## - INTERNATIONAL STANDARD BOOK NUMBER
ISBN 1903457009
082 ## - DDC Classification
Class No. 301
Item Number - Author Mark GLU
DDC Edition Number 4875
100 ## - MAIN ENTRY--PERSONAL NAME
Personal name Glucksmann, M
245 #0 - TITLE STATEMENT
Title Cottons and Casuals:
Remainder of title The Gendered Organization of Labour in Time and Space
260 ## - PUBLICATION, DISTRIBUTION, ETC.
Place of publication, distribution, etc. Durham,
Name of publisher, distributor, etc. Sociologypress
Date of publication, distribution, etc. 2000
300 ## - PHYSICAL DESCRIPTION
Extent (e.g. Volumes, Pages etc.) vi, 188 p., (C II)
650 ## - SUBJECT ADDED ENTRY--TOPICAL TERM
Topical term or geographic name entry element Gender
650 ## - SUBJECT ADDED ENTRY--TOPICAL TERM
Topical term or geographic name entry element Economics
650 ## - SUBJECT ADDED ENTRY--TOPICAL TERM
Topical term or geographic name entry element Women
942 ## - Koha item type (Biblio)
Koha item type Books in Stacks (Lending)
Holdings
Lost status Damaged status Collection code Home library Current library Shelving location Date acquired Full call number Accession Number Item type
    Lending WERC Library WERC Library Social Science Cupboard 03/31/2024 301 GLU 4875 Books in Stacks (Lending)

© WERC Library